Child's Play Franchise - Statistics

General Stats
  • This quiz has been taken 66 times
  • The average score is 12 of 20
Answer Stats
Type Year Name Info % Correct
Film 1988 Child's Play MGM
100%
Film 2019 Child's Play United Artists Releasing
100%
Film 1990 Child's Play 2 Universal
98%
Comic Mini-Series 1992 Child's Play 2 Innovation Publishing
98%
Comic Mini-Series 1991-1992 Child's Play: The Series Innovation Publishing
98%
Film 1991 Child's Play 3 Universal
96%
Film 1998 Bride of Chucky Universal
92%
Film 2004 Seed of Chucky Rogue Pictures
92%
Film 2017 Cult of Chucky Universal
86%
Film 2013 Curse of Chucky Universal
86%
Theme Park Attraction 2013 Curse of Chucky Universal Studios Hollywood
86%
Comic Mini-Series 2007 Chucky Devil's Due Publishing
78%
TV Show 2020 Chucky TBA
78%
Short Film 2005 Chucky's Vacation Slide Rogue Pictures
6%
Video Game 2013 Chucky: Slash & Dash Slimstown Studios
4%
Short Film 2013 Chucky Invaders Universal
2%
Theme Park Attraction 2009 Chucky's Funhouse Universal Studios Hollywood
2%
Theme Park Attraction 1992-Present Chucky's Insult Emporium (Various Universal Studios)
2%
Theme Park Attraction 1992-Present Chucky's In-Your-Face (Various Universal Studios)
2%
Comic One-Shot 2007 Hack/Slash vs. Chucky Devil's Due Publishing
2%
No matching quizzes found
Score Distribution
Percent of People with Each Score
Percentile by Number Answered
Your Score History
You have not taken this quiz